Die 106 häufigsten ♂ ♀ Vornamen in Rheinland-Pfalz - Statistiken

Allgemein
  • Dieses Quiz wurde 63 mal gespielt
  • Das Durchschnittsergebnis liegt bei 59 aus 108
Antwortstatistiken
♂ /♀ Vorname % Korrekt
Jungen - - > | Mädchen - - > ⤵️
100%
L3 Leo
90%
L3 Lia
90%
B3 Ben
88%
L3 Lea
88%
L4 Leon
88%
A4 Anna
83%
E4 Elli
83%
E4 Emil
81%
M3 Max
81%
M3 Mia
81%
E4 Emma
79%
N4 Noah
79%
P4 Paul
79%
T4 Theo
79%
F4 Finn
75%
L4 Lena
75%
T3 Tim
75%
H6 Hannah
73%
M5 Marie
73%
S6 Sophia
73%
E5 Elias
71%
K4 Karl
71%
L4 Luca
71%
T3 Tom
71%
L4 Lina
69%
J4 Jona
67%
L4 Lara
67%
M10 Maximilian
67%
E6 Emilia
65%
E5 Emily
65%
J5 Jonas
65%
A5 Anton
63%
L5 Lukas
63%
M4 Mila
63%
S5 Sarah
63%
E4 Ella
60%
F5 Felix
60%
J7 Johanna
60%
J6 Julian
60%
L6 Leonie
60%
M6 Moritz
60%
S6 Sophie
60%
A8 Alexander
58%
I3 Ida
58%
L5 Luisa
58%
Z3 Zoe
58%
C9 Charlotte
56%
L3 Lio
56%
M6 Matteo
56%
P5 Paula
56%
A6 Amelie
54%
H5 Henry
54%
C5 Clara
52%
L4 Liam
52%
L5 Louis
52%
L4 Luna
52%
N4 Nele
52%
D5 David
50%
J5 Jakob
50%
L5 Laura
50%
L4 Leni
50%
M4 Mira
50%
C5 Carla
48%
F6 Frieda
48%
L5 Lilly
48%
M4 Maja
48%
O6 Olivia
48%
O5 Oskar
48%
L5 Lotta
46%
P7 Philipp
46%
S4 Samu
46%
S6 Samuel
46%
H6 Hannes
44%
M5 Milan
44%
M8 Mohammed
44%
A5 Aaron
42%
E5 Elina
42%
L4 Levi
42%
N4 Nora
42%
L5 Linus
40%
M7 Marlene
40%
M6 Marlon
40%
A7 Antonia
38%
E6 Emilio
38%
I8 Isabella
38%
J6 Jannis
38%
J8 Jonathan
38%
K6 Kilian
38%
M5 Malia
38%
M6 Melina
38%
A4 Adam
35%
A6 Amalia
35%
H6 Hailey
35%
M8 Mathilda
35%
R4 Romy
35%
C5 Carlo
33%
V5 Viola
33%
M4 Mats
29%
R7 Raphael
29%
T4 Toni
29%
G6 Giulia
27%
L5 Leano
27%
E5 Elise
19%
E5 Eliah
8%
A4 Azra
4%
M6 Mikail
0%
Keine übereinstimmenden Quizze gefunden
Verteilung der Resultate
Anzahl Personen mit jedem Resultat
Perzentil nach korrekt beantworteten Fragen
Ihre Resultats-Entwicklung
Sie haben dieses Quiz noch nicht gespielt